| 000 | 01128nam a2200289Ia 4500 | ||
|---|---|---|---|
| 001 | H1611 | ||
| 003 | IT-RoPAU | ||
| 008 | 130308s9999 xx 000 0 und d | ||
| 040 | _aIT-RoPAU | ||
| 040 | _cIT-RoPAU | ||
| 041 | _aITALIANO | ||
| 100 | _aCaprettini Gianpaolo | ||
| 100 | _gCodice Aut. SPICS: 11221 | ||
| 245 | _a"Modelli di pubblico come principi interpretativi: ""Un medico in famiglia"" e i meccanismi dell'intimità condivisa" | ||
| 245 | _bLinguaggi Televisivi e Realta' Familiari: Quali spazi D'Incontro? | ||
| 250 | _a1a ed. | ||
| 260 | _aMILANO | ||
| 260 | _bUnicopli | ||
| 260 | _c2002 [1° Ed.:2002 - Ed.Ling.Originale:2002] | ||
| 300 | _a"10 p. (prefazione: no ; testo: 10 [pagine: 129-138])" | ||
| 500 | _aMondo e Televisione: per una Retorica della Distanza. spazi Sociali e Arene Comunicative: per Un'Etnografia Televisiva. Il Pubblico Diventa Protagonista, caduta della barriera Mediatica. Chiacchiera Quotidiana: per una Teoria Etologica della Televisione? | ||
| 650 | _aSAGGI SULLA TELEVISIONE | ||
| 650 | _eCodice materia Spics: 6961 | ||
| 942 | _cBK | ||
| 957 | _71 | ||
| 999 |
_c84978 _d84978 |
||
| 999 | _g1 | ||